|
|
|
|
| LEADER |
00000cam a2200000 7i4500 |
| 001 |
0000009196 |
| 005 |
20241004.0 |
| 008 |
231124 enka eng |
| 040 |
|
|
|a INS
|b eng
|e rda
|
| 090 |
0 |
0 |
|a HC106.5
|b .E98 1967
|
| 245 |
0 |
0 |
|a Extractive resources and taxation
|c edited by Mason Gaffney
|
| 264 |
|
1 |
|a London :
|b University of Wisconsin Press
|c 1967
|
| 264 |
|
4 |
|c ©1967
|
| 300 |
|
|
|a xviii, 450 pages :
|b illustrations ;
|c 25 cm.
|
| 336 |
|
|
|a text
|2 rdacontent
|
| 337 |
|
|
|a unmediated
|2 rdamedia
|
| 338 |
|
|
|a volume
|2 rdacarrier
|
| 504 |
|
|
|a Includes bibliographical references and index
|
| 650 |
|
0 |
|a Natural resources
|x Taxation
|z United States
|
| 700 |
0 |
|
|a Gaffney, Mason ,
|e editor
|
| 999 |
|
|
|a 0000022704
|b BOOK
|c Open Shelf
|e Default branch
|